Gehe durch das Alphabet - Sudden Death - Statistiken

Allgemein
  • Dieses Quiz wurde 840 mal gespielt
  • Das Durchschnittsergebnis liegt bei 10 aus 44
Answers on the Grid
Answers color-coded by a green-red scale on the quiz's grid according to % correct below.
Apfel
Birne
bunt
Brimborium
Dattel
Angel
beten
Chamäleon
Dachs
Dorf
besser
Düsenflugzeug
Badewanne
Bude
eilig
Ecke
Flunder
Faden
Fisch
Engstelle
Fachkraft
Holunder
Gehweg
Gartenschlauch
Elefant
Hahn
Igel
Gang
Funke
Henkel
ich
Insel
hoch
intern
Jojo
Kugel
Karte
Kamm
Jaguar
Kind
leise
karg
lachen
lustig
Muskel
Liste
machen
Kettensäge
meckern
Lunge
Land
Möbel
Müll
nass
Nagel
Labor
Mastbruch
Mathematik
Nebenkläger
Nacht
Internet
Linde
Mikrofon
Nussallergie
oft
nicht
ockergelb
ominös
Nickel
optimal
Nacken
Pelz
Post
Pavillon
Packstation
pingelig
Parkplatz
Qualle
Orgel
neu
rollen
Quark
Rassel
Regenbogen
Rambo
Residenz
Samba
Randbemerkung
Rucola
riesig
singen
sehr
Schinken
Sachlage
Säbel
Sondersendung
Schule
ruhig
Saat
tanzen
super
treffen
sinken
verändern
wunderbar
Schlange
Trompete
und
Vogel
zusätzlich
 
Antwortstatistiken
Antwort % Korrekt
Apfel
99%
Birne
80%
Chamäleon
51%
Dachs
44%
bunt
40%
eilig
39%
Fisch
29%
Gartenschlauch
25%
Dorf
24%
Gehweg
23%
Holunder
23%
Engstelle
22%
Igel
22%
Insel
21%
Karte
18%
Kugel
16%
leise
16%
Liste
16%
machen
16%
Möbel
16%
Müll
15%
nass
15%
Nebenkläger
15%
Nussallergie
15%
oft
15%
optimal
15%
Packstation
15%
Pavillon
15%
Post
14%
Qualle
14%
Rassel
14%
Regenbogen
14%
Rucola
14%
Sachlage
14%
Schinken
12%
sehr
12%
singen
12%
Sondersendung
12%
super
12%
treffen
12%
Trompete
12%
und
12%
Vogel
12%
zusätzlich
12%
Keine übereinstimmenden Quizze gefunden
Verteilung der Resultate
Anzahl Personen mit jedem Resultat
Perzentil nach korrekt beantworteten Fragen
Ihre Resultats-Entwicklung
Sie haben dieses Quiz noch nicht gespielt